<?xml version="1.0" encoding="UTF-8"?>
<record
    xmlns:xsi="http://www.w3.org/2001/XMLSchema-instance"
    xsi:schemaLocation="http://www.loc.gov/MARC21/slim http://www.loc.gov/standards/marcxml/schema/MARC21slim.xsd"
    xmlns="http://www.loc.gov/MARC21/slim">

  <leader>00972nam a2200265 i 4500</leader>
  <controlfield tag="001">C00004936c</controlfield>
  <controlfield tag="005">20241029142557.0</controlfield>
  <controlfield tag="008">940310s1990    sp       c    0011  spa d</controlfield>
  <datafield tag="020" ind1=" " ind2=" ">
    <subfield code="a">84-7506-320-9</subfield>
  </datafield>
  <datafield tag="080" ind1=" " ind2=" ">
    <subfield code="a">910.4"17":58 L&#xF6;fling, Pehr</subfield>
  </datafield>
  <datafield tag="245" ind1="0" ind2="0">
    <subfield code="a">PERH L&#xF6;fling y la expedici&#xF3;n al Orinoco, 1754-1761 </subfield>
    <subfield code="b">: [exposicion] Pabell&#xF3;n Villanueva, Real Jard&#xED;n Bot&#xE1;nico, octubre-noviembre 1990.</subfield>
  </datafield>
  <datafield tag="250" ind1=" " ind2=" ">
    <subfield code="a">Ed. a cargo de Francisco Pelayo L&#xF3;pez.</subfield>
  </datafield>
  <datafield tag="260" ind1=" " ind2=" ">
    <subfield code="a">Madrid : </subfield>
    <subfield code="b">El Real Jard&#xED;n : </subfield>
    <subfield code="b">; Quinto Centenario, </subfield>
    <subfield code="c">D.L. 1990.</subfield>
  </datafield>
  <datafield tag="300" ind1=" " ind2=" ">
    <subfield code="a">190 p. : </subfield>
    <subfield code="b">il. col. ; </subfield>
    <subfield code="c">30 cm.</subfield>
  </datafield>
  <datafield tag="490" ind1="0" ind2=" ">
    <subfield code="a">Encuentros. Serie cat&#xE1;logos</subfield>
  </datafield>
  <datafield tag="500" ind1=" " ind2=" ">
    <subfield code="a">Bibliograf&#xED;a.</subfield>
  </datafield>
  <datafield tag="600" ind1="1" ind2="4">
    <subfield code="a">L&#xF6;fling, Perh.</subfield>
    <subfield code="9">1156</subfield>
  </datafield>
  <datafield tag="650" ind1=" " ind2="4">
    <subfield code="a">Expediciones Cientificas-</subfield>
    <subfield code="y">S. XVIII.</subfield>
    <subfield code="9">79312</subfield>
  </datafield>
  <datafield tag="700" ind1="1" ind2=" ">
    <subfield code="a">Pelayo G&#xF3;mez, Francisco.</subfield>
    <subfield code="9">2895</subfield>
  </datafield>
  <datafield tag="710" ind1="2" ind2=" ">
    <subfield code="a">Real Jard&#xED;n Bot&#xE1;nico.</subfield>
    <subfield code="9">17740</subfield>
  </datafield>
  <datafield tag="710" ind1="2" ind2=" ">
    <subfield code="a">Sociedad Estatal Quinto Centenario (Madrid)</subfield>
    <subfield code="9">6496</subfield>
  </datafield>
  <datafield tag="852" ind1=" " ind2=" ">
    <subfield code="j">E-2695</subfield>
  </datafield>
  <datafield tag="952" ind1=" " ind2=" ">
    <subfield code="0">0</subfield>
    <subfield code="1">0</subfield>
    <subfield code="2">ddc</subfield>
    <subfield code="4">0</subfield>
    <subfield code="7">0</subfield>
    <subfield code="8">NOR</subfield>
    <subfield code="a">RABASF</subfield>
    <subfield code="b">RABASF</subfield>
    <subfield code="c">SL</subfield>
    <subfield code="d">1994-03-10</subfield>
    <subfield code="l">0</subfield>
    <subfield code="o">E-2695</subfield>
    <subfield code="p">1005364</subfield>
    <subfield code="r">2024-10-15 09:03:57</subfield>
    <subfield code="w">2024-10-15</subfield>
    <subfield code="y">FONDOMODER</subfield>
  </datafield>
  <datafield tag="999" ind1=" " ind2=" ">
    <subfield code="c">4863</subfield>
    <subfield code="d">4863</subfield>
  </datafield>
</record>
